Make your Money work Harder by Monitoring Your Investments / (Record no. 172368)

MARC details
000 -LEADER
fixed length control field 00573nam a22001817a 4500
005 - DATE AND TIME OF LATEST TRANSACTION
control field 20200204141926.0
010 ## - LCCN (DPL NO)
LC control number ENG-127627
020 ## - INTERNATIONAL STANDARD BOOK NUMBER
International Standard Book Number 9789380200576
Terms of availability 299.00
035 ## - SYSTEM CONTROL NUMBER
System control number EN-111159
037 ## - SOURCE OF ACQUISITION
Source of stock number/acquisition DBAD/PUB
082 ## - DEWEY DECIMAL CLASSIFICATION NUMBER
Classification number 332.06
100 ## - MAIN ENTRY--PERSONAL NAME
Personal name Pandya,Arnav
245 ## - TITLE STATEMENT
Title Make your Money work Harder by Monitoring Your Investments /
Remainder of title by Arnav Panday
260 ## - PUBLICATION, DISTRIBUTION, ETC. (IMPRINT)
Place of publication, distribution, etc Mumbai
Name of publisher, distributor, etc Bestsellers18
Date of publication, distribution, etc 2012
270 ## - ADDRESS
City Mumbai
Address B-23,Royal Industrial Estate,5-B, Naigun Cross Road,Wadala
Postal code 400013
300 ## - PHYSICAL DESCRIPTION
Extent 154p.
Other physical details 22cm(pbk)
942 ## - ADDED ENTRY ELEMENTS (KOHA)
Source of classification or shelving scheme Dewey Decimal Classification
Item type English Books
Classification part 332.6
Call number suffix PAN
Holdings
Withdrawn status Lost status Not for loan Collection code Home library Current library Date acquired Source of acquisition Cost, normal purchase price Full call number Barcode Copy number Cost, replacement price Koha item type
    Not For Loan Non-fiction D.B.Act.Division D.B.Act.Division 04/02/2020 DBAD/PUB 299.00 332.6 PAN EN-111159 1 299.00 English Books

© Delhi Public Library
Hit Counter
free hit counter